Sports Quiz

Random Sports or Soccer Quiz
Score 0/36 Timer 03:00
0 Plays Today
Team Player % Correct
ArsenalDavid Ospina
94.7%
ArsenalHector Bellerin
94.7%
ArsenalAaron Ramsey
94.7%
ArsenalGranit Xhaka
94.7%
ArsenalAlexandre Lacazette
94.7%
HuddersfieldJonas Lössl
89.5%
ArsenalRob Holding
89.5%
ArsenalShkodran Mustafi
89.5%
ArsenalSead Kolasinac
89.5%
ArsenalAlex Iwobi
89.5%
ArsenalPierre-Emerick Aubameyang
89.5%
ArsenalDanny Welbeck
89.5%
HuddersfieldAaron Mooy
84.2%
ArsenalHenrikh Mkhitaryan
84.2%
ArsenalNacho Monreal
84.2%
HuddersfieldChristopher Schindler
73.7%
ArsenalPer Mertesacker
73.7%
HuddersfieldSteve Mounié
68.4%
Team Player % Correct
HuddersfieldMathias Jorgensen
63.2%
HuddersfieldTerence Kongolo
63.2%
HuddersfieldLaurent Depoitre
63.2%
HuddersfieldPhilip Billing
57.9%
ArsenalEddie Nketiah
57.9%
HuddersfieldFlorent Hadergjonaj
47.4%
HuddersfieldJonathan Hogg
47.4%
HuddersfieldAlex Pritchard
47.4%
HuddersfieldTommy Smith
47.4%
ArsenalJoseph Willock
47.4%
HuddersfieldChris Löwe
42.1%
HuddersfieldJon Gorenc Stankovic
42.1%
ArsenalAinsley Maitland-Niles
42.1%
ArsenalMatt Macey
42.1%
HuddersfieldTom Ince
31.6%
HuddersfieldAbdelhamid Sabiri
21.1%
HuddersfieldJoel Coleman
15.8%
HuddersfieldDean Whitehead
5.3%
Remove Ads.
Support Sporcle.
Get the best of Sporcle when you Go Orange. This ad-free experience offers more features, more stats, and more fun while also helping to support Sporcle. Thank you for becoming a member.

You're not logged in!

Compare scores with friends on all Sporcle quizzes.
OR
Log In

Sporcle TV

Today on Sporcle TV


Watch our educational content, quiz creation guides, and fun videos on Sporcle TV.

Show Comments

Extras

Top Quizzes Today


Score Distribution

Paid Content

Your Account Isn't Verified!

In order to create a playlist on Sporcle, you need to verify the email address you used during registration. Go to your Sporcle Settings to finish the process.

Report this User

Report this user for behavior that violates our Community Guidelines.

Details: